| 000 | 01382naa a22003857a 4500 | ||
|---|---|---|---|
| 001 | BR7502507 | ||
| 003 | BR-BrBNA | ||
| 005 | 20240918173729.0 | ||
| 007 | ta | ||
| 008 | 230509b bl.||||| |||| 00| 0 por d | ||
| 040 |
_aBR-BrBNA _bpor _cBiblioteca Nacional de Agricultura |
||
| 041 | _a(Pt) | ||
| 072 |
_aF21; F25 _b0336 _b9205 _b3920 _b3840 _bG514 |
||
| 090 | _aF21 BR7502507 | ||
| 100 | 1 | _aFreire, J.R.J. | |
| 100 | 1 | _aKoliing, J. | |
| 100 | 1 | _aMendes, N.G. | |
| 111 | 1 |
_a3. Reuniao Conjunta de Pesquisa da Soja RS/SC _cPorto Alegre, RS (Brazil) _d18 Aug 1975 |
|
| 245 | 1 | _aEfeito do nivel de inoculacao e da calagem sobre rendimento de graos e sobre a nodulacao da soja [Biologia do solo; Fertilidade do solo; Glycine max; Rio Grande do Sul; Brasil] | |
| 260 | 3 |
_aPorto Alegre, RS (Brasil): _c1975. |
|
| 500 | _aSoja, fertilidade e microbiologia do solo Porto Alegre, RS (Brasil): 1975. p. 61-67 (BR7502507-AM)F21 | ||
| 650 | _aBiologia do solo | ||
| 650 | _aFertilidade do solo | ||
| 650 | _asoja | ||
| 650 | _aGrao | ||
| 650 | _aRhizobium | ||
| 650 | _acalagem | ||
| 650 | _aInoculacao | ||
| 650 | _aNodulo | ||
| 650 | _aRendimento | ||
| 650 | _aFixacao de nitrogenio | ||
| 773 | 0 |
_tSoja, fertilidade e microbiologia do solo _wF21 BR7502507 _gPorto Alegre, RS (Brasil), 1975. p. 61-67 |
|
| 909 |
_a202404 _bLucia _c55 _dLucia Elande |
||
| 942 |
_cAM _2AGRIS |
||
| 999 |
_c306503 _d306503 |
||